<?xml version="1.0" encoding="UTF-8"?><?xml-stylesheet type="text/xsl" href="static/style.xsl"?><OAI-PMH xmlns="http://www.openarchives.org/OAI/2.0/" xmlns:xsi="http://www.w3.org/2001/XMLSchema-instance" xsi:schemaLocation="http://www.openarchives.org/OAI/2.0/ http://www.openarchives.org/OAI/2.0/OAI-PMH.xsd"><responseDate>2026-04-17T11:45:47Z</responseDate><request verb="GetRecord" identifier="oai:www.recercat.cat:2072/443554" metadataPrefix="marc">https://recercat.cat/oai/request</request><GetRecord><record><header><identifier>oai:recercat.cat:2072/443554</identifier><datestamp>2024-12-21T03:43:24Z</datestamp><setSpec>com_2072_220028</setSpec><setSpec>com_2072_4427</setSpec><setSpec>col_2072_220407</setSpec></header><metadata><record xmlns="http://www.loc.gov/MARC21/slim" xmlns:dcterms="http://purl.org/dc/terms/" xmlns:xsi="http://www.w3.org/2001/XMLSchema-instance" xmlns:doc="http://www.lyncode.com/xoai" xsi:schemaLocation="http://www.loc.gov/MARC21/slim http://www.loc.gov/standards/marcxml/schema/MARC21slim.xsd">
   <leader>00925njm 22002777a 4500</leader>
   <datafield ind2=" " ind1=" " tag="042">
      <subfield code="a">dc</subfield>
   </datafield>
   <datafield ind2=" " ind1=" " tag="720">
      <subfield code="a">Perna, Simona</subfield>
      <subfield code="e">author</subfield>
   </datafield>
   <datafield ind2=" " ind1=" " tag="260">
      <subfield code="c">2012</subfield>
   </datafield>
   <datafield ind2=" " ind1=" " tag="520">
      <subfield code="a">As coloured marbles began to be imported to Rome, from the 1st century BC funerary urns in Egyptian alabaster, purple porphyry and, sometimes, granite, appear in Roman burials. Relatively rarer than the other ash receptacles they pose questions regarding their selection and use. Recorded find-spots are columbaria and funerary monuments belonging to wealthy individuals, including liberti, and, in some circumstances, the Imperial family. In the realm of death the concern of certain Roman social groups for visibility and memory is evident, and the use of urns in exotic coloured stone may be seen as an important means of affirming social differentiation and prestige. This paper offers some interpretations of stone symbolism connected to death investigating in
what ways these urns could be perceived as objects of self-promotion given the importance conferred to marble in Roman society.</subfield>
   </datafield>
   <datafield ind1="8" ind2=" " tag="024">
      <subfield code="a">978-84-939033-8-1</subfield>
   </datafield>
   <datafield ind1="8" ind2=" " tag="024">
      <subfield code="a">http://hdl.handle.net/2072/443554</subfield>
   </datafield>
   <datafield ind2="0" ind1="0" tag="245">
      <subfield code="a">The colours of death: roman cinerary urns in coloured stone</subfield>
   </datafield>
</record></metadata></record></GetRecord></OAI-PMH>